{"text_format":"3","workbook":"xlsx","n_sheets":1,"sheets":["Протокол ШЭ ВОШ по предмету"],"not_rendered":{"defined_names":1},"read":"whole","date_system":"1900"}

{"sheet":"Протокол ШЭ ВОШ по предмету","index":0,"n_rows":49,"n_cols":15,"rows_kept":49}
["№","Фамилия","Имя","Отчество","Дата рождения","Пол","Участник с ОВЗ (да/нет)","Класс обучения","Класс участия","Балл","Максимальный балл","Статус","Призёр муниципального этапа прошлого года","ФИО учителя","Место работы учителя"]
[1,"Валеев","Никита","Романович","2011-03-27","м","нет",5,5,23,25,"победитель","нет","Ярмухаметова Альбина Габдулбаровна","МБОУ Кукморская средняя школа №3"]
[2,"Гамбаров ","Данияр","Рустамович","2011-01-25","м","нет",5,5,15,25,"призер","нет","Ярмухаметова Альбина Габдулбаровна","МБОУ Кукморская средняя школа №3"]
[3,"Салихов","Амир","Рифатович","2011-05-27","м","нет",5,5,8,25,"участник","нет","Ярмухаметова Альбина Габдулбаровна","МБОУ Кукморская средняя школа №3"]
[4,"Альтапов","Анвар","Радикович","2010-11-17","м","нет",5,5,9,25,"участник","нет","Ярмухаметова Альбина Габдулбаровна","МБОУ Кукморская средняя школа №3"]
[5,"Габидуллин ","Камиль","Шамилевич","2011-05-06","м","нет",5,5,10,25,"участник ","нет","Ярмухаметова Альбина Габдулбаровна","МБОУ Кукморская средняя школа №3"]
[6,"Муравьева","Анна","Констатиновна","2011-01-05","ж","нет",5,5,10,25,"участник","нет","Ярмухаметова Альбина Габдулбаровна","МБОУ Кукморская средняя школа №3"]
[7,"Григорьев ","Ярослав","Андреевич","2010-12-28","м","нет",5,5,9,25,"участник","нет","Ярмухаметова Альбина Габдулбаровна","МБОУ Кукморская средняя школа №3"]
[8,"Иванов ","Амир","Аликович","2011-09-16","м","нет",5,5,9,25,"участник","нет","Ярмухаметова Альбина Габдулбаровна","МБОУ Кукморская средняя школа №3"]
[9,"Трофимова","Ксения ","Владимировна","2010-05-31","Ж","нет",6,6,50,55,"победитель","нет","Ярмухаметова Альбина Габдулбаровна","МБОУ Кукморская средняя школа №3"]
[10,"Гайнутдинов","Марат","Фанзилович","243.09.2010","м","нет",6,6,45,55,"призер","нет","Ярмухаметова Альбина Габдулбаровна","МБОУ Кукморская средняя школа №3"]
[11,"Яппарова","Амиля","Фанисовна","2009-12-02","ж","нет",6,6,42,55,"призер","нет","Ярмухаметова Альбина Габдулбаровна","МБОУ Кукморская средняя школа №3"]
[12,"Беляева","Лаура","Валерьевна","2010-01-13","ж","нет",6,6,23,55,"участник","нет","Ярмухаметова Альбина Габдулбаровна","МБОУ Кукморская средняя школа №3"]
[13,"Галиахметова ","Ясмина ","Альбертовна","2010-07-06","ж","нет",6,6,21,55,"участник","нет","Ярмухаметова Альбина Габдулбаровна","МБОУ Кукморская средняя школа №3"]
[14,"Галиуллин","Амир","Ильдарович","2011-02-15","м","нет",6,6,19,55,"участник","нет","Ярмухаметова Альбина Габдулбаровна","МБОУ Кукморская средняя школа №3"]
[15,"Сафиуллина ","Малика","Робертовна","2010-06-01","ж","нет",6,6,18,55,"участник","нет","Ярмухаметова Альбина Габдулбаровна","МБОУ Кукморская средняя школа №3"]
[16,"Шакирова ","Арина","Эдуардовна","2009-12-25","ж","нет",6,6,13,55,"участник","нет","Ярмухаметова Альбина Габдулбаровна","МБОУ Кукморская средняя школа №3"]
[17,"Галимзянова ","Азалия","Айдаровна","2010-09-27","ж","нет",6,6,12,55,"участник","нет","Ярмухаметова Альбина Габдулбаровна","МБОУ Кукморская средняя школа №3"]
[18,"Зайнуллин ","Ильяс","Ильшатович","2010-10-15","м","нет",6,6,17,55,"участник","нет","Ярмухаметова Альбина Габдулбаровна","МБОУ Кукморская средняя школа №3"]
[19,"Фролов ","Дмитрий","Владисович","2010-01-10","м","нет",6,6,16,55,"участник","нет","Ярмухаметова Альбина Габдулбаровна","МБОУ Кукморская средняя школа №3"]
[20,"Сковородина","Милана","Олеговна","2010-10-02","ж","нет",6,6,12,55,"участник","нет","Ярмухаметова Альбина Габдулбаровна","МБОУ Кукморская средняя школа №3"]
[21,"Нигматуллина ","Анна","Ильгизовна","2009-04-04","ж","нет",7,7,48,50,"победитель","нет","Ярмухаметова Альбина Габдулбаровна","МБОУ Кукморская средняя школа №3"]
[22,"Ганиева ","Амина","Рафаэлевна","2008-11-21","ж","нет",7,7,35,50,"призер","нет","Ярмухаметова Альбина Габдулбаровна","МБОУ Кукморская средняя школа №3"]
[23,"Давлетшина ","Марьям","Ниязовна","2009-06-18","ж","нет",7,7,22,50,"участник","нет","Ярмухаметова Альбина Габдулбаровна","МБОУ Кукморская средняя школа №3"]
[24,"Ющик ","Эрика","Алексеевна","2009-12-24","ж","нет",7,7,21,50,"участник","нет","Ярмухаметова Альбина Габдулбаровна","МБОУ Кукморская средняя школа №3"]
[25,"Галиева ","Руфина","Мидехатовна","2009-08-01","ж","нет",7,7,21,50,"участник","нет","Ярмухаметова Альбина Габдулбаровна","МБОУ Кукморская средняя школа №3"]
[26,"Хазиева ","Алия ","Алмазовна","2009-09-06","ж","нет",7,7,21,50,"участник","нет","Ярмухаметова Альбина Габдулбаровна","МБОУ Кукморская средняя школа №3"]
[27,"Ярмухаметова ","Алия ","Альбертовна","2008-12-10","ж","нет",7,7,20,50,"участник","нет","Ярмухаметова Альбина Габдулбаровна","МБОУ Кукморская средняя школа №3"]
[28,"Хуснетдинова ","Ляйсан","Раисовна","2008-12-24","ж","нет",7,7,20,50,"участник","нет","Ярмухаметова Альбина Габдулбаровна","МБОУ Кукморская средняя школа №3"]
[29,"Ильин ","Артур","Дмитриевич","2008-08-16","ж","нет",8,8,58,61,"победитель","нет","Ярмухаметова Альбина Габдулбаровна","МБОУ Кукморская средняя школа №3"]
[30,"Галиев ","Ислам","Айдарович","2008-06-19","м","нет",8,8,45,61,"призер","нет","Ярмухаметова Альбина Габдулбаровна","МБОУ Кукморская средняя школа №3"]
[31,"Файзрахманова ","Алина","Джаудатовна","2008-01-01","ж","нет",8,8,30,61,"участник","нет","Ярмухаметова Альбина Габдулбаровна","МБОУ Кукморская средняя школа №3"]
[32,"Валиуллина ","Эльвина","Ильхамовна","2008-10-15","ж","нет",8,8,27,61,"участник","нет","Ярмухаметова Альбина Габдулбаровна","МБОУ Кукморская средняя школа №3"]
[33,"Кузнецова","Алина","Сергеевна","2008-11-25","ж","нет",8,8,23,61,"участник","нет","Ярмухаметова Альбина Габдулбаровна","МБОУ Кукморская средняя школа №3"]
[34,"Сергеев ","Алексей","Александрович","2009-03-16","м","нет",8,8,21,61,"участник","нет","Ярмухаметова Альбина Габдулбаровна","МБОУ Кукморская средняя школа №3"]
[35,"Уэтова","Анастасия","Владимировна","2008-10-03","ж","нет",8,8,19,61,"участник","нет","Ярмухаметова Альбина Габдулбаровна","МБОУ Кукморская средняя школа №3"]
[36,"Ефремов ","Руслан","Дмитриевич","2008-09-17","м","нет",8,8,12,61,"участник","нет","Ярмухаметова Альбина Габдулбаровна","МБОУ Кукморская средняя школа №3"]
[37,"Трофимова ","Валерия ","Владимировна","2007-08-28","ж","нет",9,9,58,60,"победитель","да","Ярмухаметова Альбина Габдулбаровна","МБОУ Кукморская средняя школа №3"]
[38,"Хаков ","Ильмир","Радикович","2007-05-28","м","нет",9,9,35,60,"призер","нет","Ярмухаметова Альбина Габдулбаровна","МБОУ Кукморская средняя школа №3"]
[39,"Зайцев ","Андрей","Геннадьевич","2007-07-15","м","нет",9,9,45,60,"призер","нет","Ярмухаметова Альбина Габдулбаровна","МБОУ Кукморская средняя школа №3"]
[40,"Максимова","Арина","Александровна","2007-08-07","ж","нет",9,9,28,60,"участник","нет","Ярмухаметова Альбина Габдулбаровна","МБОУ Кукморская средняя школа №3"]
[41,"Уткина","Екатерина","Юрьевна","2007-10-03","ж","нет",9,9,27,60,"участник","нет","Ярмухаметова Альбина Габдулбаровна","МБОУ Кукморская средняя школа №3"]
[42,"Даутова ","Динара","Ильдаровна","2006-10-20","ж","нет",9,9,25,60,"участник","нет","Ярмухаметова Альбина Габдулбаровна","МБОУ Кукморская средняя школа №3"]
[43,"Аглиева ","Элина","Рустемовна","2007-08-02","ж","нет",9,9,23,60,"участник","нет","Ярмухаметова Альбина Габдулбаровна","МБОУ Кукморская средняя школа №3"]
[44,"Иванцов ","Артур","Александрович","2007-10-23","м","нет",9,9,21,60,"участник","нет","Ярмухаметова Альбина Габдулбаровна","МБОУ Кукморская средняя школа №3"]
[45,"Федоров ","Альмир","Марсович","2007-02-27","м","нет",9,9,20,60,"участник","нет","Ярмухаметова Альбина Габдулбаровна","МБОУ Кукморская средняя школа №3"]
[46,"Мусина ","Эльвина","расуловна","2006-11-23","ж","нет",9,9,19,60,"участник","нет","Ярмухаметова Альбина Габдулбаровна","МБОУ Кукморская средняя школа №3"]
[47,"Шакирова ","Илина","Василевна","2007-04-02","ж","нет",9,9,17,60,"участник","нет","Ярмухаметова Альбина Габдулбаровна","МБОУ Кукморская средняя школа №3"]
[48,"Харрасов ","Юсуф","Фанилович","2007-11-17","м","нет",9,9,15,60,"участник","нет","Ярмухаметова Альбина Габдулбаровна","МБОУ Кукморская средняя школа №3"]